Comparison of different rates of scaro fertilizer on lettuce at leaf green farm; ការប្រៀបធៀបជីស្ការ៉ូកម្រិតខុសគ្នាទៅលើដំណាំសាលាដនៅកសិដ្ឋាន ស្លឹកបៃតង (Record no. 11588)

000 -LEADER
fixed length control field 00593nam a22001337a 4500
040 ## - CATALOGING SOURCE
Transcribing agency RUA
082 ## - DEWEY DECIMAL CLASSIFICATION NUMBER
Classification number AGR MIL 2015 B556 Or.1
100 ## - MAIN ENTRY--AUTHOR NAME
Personal name MIL NAMOL; ម៉ឹល ណាម៉ល់
245 ## - TITLE STATEMENT
Title Comparison of different rates of scaro fertilizer on lettuce at leaf green farm; ការប្រៀបធៀបជីស្ការ៉ូកម្រិតខុសគ្នាទៅលើដំណាំសាលាដនៅកសិដ្ឋាន ស្លឹកបៃតង
260 ## - PUBLICATION, DISTRIBUTION, ETC. (IMPRINT)
Place of publication Phnom Penh
Name of publisher RUA
Year of publication 2015
300 ## - PHYSICAL DESCRIPTION
Number of Pages xi; 58p;
Other physical details ill;
Dimensions 29cm;
856 ## - ELECTRONIC LOCATION AND ACCESS
Uniform Resource Identifier MIL NAMOL
942 ## - ADDED ENTRY ELEMENTS (KOHA)
Koha item type AGR
952 ## - LOCATION AND ITEM INFORMATION (KOHA)
Withdrawn status [LOCAL, KOHA] 0
952 ## - LOCATION AND ITEM INFORMATION (KOHA)
Withdrawn status [LOCAL, KOHA] 0
952 ## - LOCATION AND ITEM INFORMATION (KOHA)
Withdrawn status [LOCAL, KOHA] 0
952 ## - LOCATION AND ITEM INFORMATION (KOHA)
Withdrawn status [LOCAL, KOHA] 0
952 ## - LOCATION AND ITEM INFORMATION (KOHA)
Withdrawn status [LOCAL, KOHA] 0
952 ## - LOCATION AND ITEM INFORMATION (KOHA)
Withdrawn status [LOCAL, KOHA] 0
952 ## - LOCATION AND ITEM INFORMATION (KOHA)
Withdrawn status [LOCAL, KOHA] 0
952 ## - LOCATION AND ITEM INFORMATION (KOHA)
Withdrawn status [LOCAL, KOHA] 0
Holdings
Permanent Location Date acquired Koha item type Lost status Shelving location Barcode Current Location Full call number
Library Block B2017-08-03AGR B556A13102Library Block BAGR MIL 2015 B556 Or.1
Library Block B2017-08-03AGR B556A11749Library Block BAGR MIL 2015 B556 Or.2
Library Block B2017-08-03AGR B556A11872Library Block BAGR MIL 2015 B556 Or.3
Library Block B2017-08-03AGR B556A11951Library Block BAGR MIL 2015 B556 Or.4
Library Block B2017-08-03AGR B556A12662Library Block BAGR MIL 2015 B556 Or.5
Library Block B2017-08-03AGR B556 Library Block BAGR MIL 2015 B556 Or.1
Library Block B2017-08-03AGR B556A13082Library Block BAGR MIL 2015 B556 Or.7
Library Block B2017-08-03AGR B556A11849Library Block BAGR MIL 2015 B556 Or.8
មជ្ឈមណ្ឌលឯការនៃសាកលវិទ្យាល័យភូមិន្ទកសិកម្មចំការដូង

Powered by Koha